000 00788nam a22002417a 4500
005 20130826121030.0
010 _aENG-107774
020 _a9789381523827
_c995.00
035 _aEN-91307
037 _bDBAD/PUB
082 _a793.3192
100 _aSen, Saswati
245 _aBirju Maharaj :
_cby Saswati Sen
_bthe master through my eyes /
260 _aNew Delhi
_bNiyogi Books
_c2013
270 _aD-78, Okhla Industrial Area, Phase-I
_bNew Delhi
_e110020
300 _a216p. :
_c24cm(Hb)
_bill.(chiefly col.)
500 _aIncludes index
520 _a Birju Maharaj, Indian classical dancer.
600 _a Birajū Mahārāja
_d1938-
650 _a Kathak dancers
_zIndia
_vBiography.
650 _aKathak (Dance)
_z India.
942 _2ddc
_cEN
_mSEN
_h793.3192
999 _c77012
_d77012